<?xml version="1.0" encoding="UTF-8"?><?xml-stylesheet type="text/xsl" href="static/style.xsl"?><OAI-PMH xmlns="http://www.openarchives.org/OAI/2.0/" xmlns:xsi="http://www.w3.org/2001/XMLSchema-instance" xsi:schemaLocation="http://www.openarchives.org/OAI/2.0/ http://www.openarchives.org/OAI/2.0/OAI-PMH.xsd"><responseDate>2026-04-13T01:36:59Z</responseDate><request verb="GetRecord" identifier="oai:www.recercat.cat:2445/156417" metadataPrefix="marc">https://recercat.cat/oai/request</request><GetRecord><record><header><identifier>oai:recercat.cat:2445/156417</identifier><datestamp>2025-12-05T05:29:12Z</datestamp><setSpec>com_2072_1057</setSpec><setSpec>col_2072_478857</setSpec><setSpec>col_2072_478901</setSpec><setSpec>col_2072_478917</setSpec></header><metadata><record xmlns="http://www.loc.gov/MARC21/slim" xmlns:dcterms="http://purl.org/dc/terms/" xmlns:xsi="http://www.w3.org/2001/XMLSchema-instance" xmlns:doc="http://www.lyncode.com/xoai" xsi:schemaLocation="http://www.loc.gov/MARC21/slim http://www.loc.gov/standards/marcxml/schema/MARC21slim.xsd">
   <leader>00925njm 22002777a 4500</leader>
   <datafield ind2=" " ind1=" " tag="042">
      <subfield code="a">dc</subfield>
   </datafield>
   <datafield ind2=" " ind1=" " tag="720">
      <subfield code="a">Moragas Segura, Natàlia</subfield>
      <subfield code="e">author</subfield>
   </datafield>
   <datafield ind2=" " ind1=" " tag="260">
      <subfield code="c">2020-04-21T11:51:49Z</subfield>
   </datafield>
   <datafield ind2=" " ind1=" " tag="260">
      <subfield code="c">2020-04-21T11:51:49Z</subfield>
   </datafield>
   <datafield ind2=" " ind1=" " tag="260">
      <subfield code="c">2018-05-01</subfield>
   </datafield>
   <datafield ind2=" " ind1=" " tag="260">
      <subfield code="c">2020-04-21T11:51:49Z</subfield>
   </datafield>
   <datafield ind2=" " ind1=" " tag="520">
      <subfield code="a">Pensar sobre Teotihuacan nos remite a las grandes pirámides y templos pero hay toda una ciudad subterránea por debajo que nos muestra el papel de una arquitectura del inframundo vinculada a la propia génesis de la ciudad. El papel de las cuevas y los túneles forma parte de la historia de Teotihuacan como lugares rituales, zonas de almacenamiento y lugares de enterramiento. Su papel irá cambiando a lo largo del tiempo del Clásico al Posclásico relacionado con el cambio de la cosmovisión y el poder político de la ciudad. Palabras clave: Teotihuacan, cuevas, cosmovisión, poder</subfield>
   </datafield>
   <datafield tag="653" ind2=" " ind1=" ">
      <subfield code="a">Piràmides</subfield>
   </datafield>
   <datafield tag="653" ind2=" " ind1=" ">
      <subfield code="a">Teotihuacán (San Juan Teotihuacán, Mèxic : Jaciment arqueològic)</subfield>
   </datafield>
   <datafield tag="653" ind2=" " ind1=" ">
      <subfield code="a">Pyramids</subfield>
   </datafield>
   <datafield tag="653" ind2=" " ind1=" ">
      <subfield code="a">Teotihuacán Site (San Juan Teotihuacán, Mexico)</subfield>
   </datafield>
   <datafield ind2="0" ind1="0" tag="245">
      <subfield code="a">'De los hoyos de dónde sacaron las piedras para construir los montecillos': el sistema subterráneo de la antigua ciudad de Teotihuacan</subfield>
   </datafield>
</record></metadata></record></GetRecord></OAI-PMH>